Aquí, allá, en esos lugares / (Record no. 39609)
[ view plain ]
| 000 -CABECERA | |
|---|---|
| campo de control de longitud fija | 00458nam a2200145 a 4500 |
| 001 - NÚMERO DE CONTROL | |
| campo de control | 000040119 |
| 005 - FECHA Y HORA DE LA ÚLTIMA TRANSACCIÓN | |
| campo de control | 20201002033929.0 |
| 008 - DATOS DE LONGITUD FIJA--INFORMACIÓN GENERAL | |
| campo de control de longitud fija | 130808s1966 mx 000 0 spa d |
| 040 ## - FUENTE DE LA CATALOGACIÓN | |
| Centro catalogador/agencia de origen | DO-SdBNP |
| Lengua de catalogación | spa |
| Centro/agencia transcriptor | BNPHU |
| 100 1# - ENTRADA PRINCIPAL--NOMBRE DE PERSONA | |
| Nombre de persona | Navarrete, Raúl |
| 9 (RLIN) | 66382 |
| 245 10 - MENCIÓN DE TÍTULO | |
| Título | Aquí, allá, en esos lugares / |
| Mención de responsabilidad, etc. | Raúl Navarre te. |
| 260 ## - PUBLICACIÓN, DISTRIBUCIÓN, ETC. | |
| Lugar de publicación, distribución, etc. | México : |
| Nombre del editor, distribuidor, etc. | Siglo XXI Editores, |
| Fecha de publicación, distribución, etc. | 1966. |
| 300 ## - DESCRIPCIÓN FÍSICA | |
| Extensión | 245 p. ; |
| Dimensiones | 19 cm. |
| 500 ## - NOTA GENERAL | |
| Nota general | Incluye datos biográficos del autor en las solapas |
| Estado de retiro | Estado de pérdida | Restricciones de uso | No para préstamo | Código de colección | Localización permanente | Ubicación/localización actual | Ubicación en estantería | Fecha de adquisición | Número de inventario | Total de préstamos | Signatura topográfica completa | Código de barras | Fecha visto por última vez | Precio válido a partir de | Tipo de ítem Koha |
|---|---|---|---|---|---|---|---|---|---|---|---|---|---|---|---|
| Monografías: Libros y Folletos | General | General | En catalogación | 08.08.2013 | LF1 | 40119-10 | 25.06.2020 | 25.06.2020 | Préstamo en sala | ||||||
| Monografías: Libros y Folletos | Patrimonio Dominicano | Patrimonio Dominicano | Orden iniciada | 08.08.2013 | LF1 | 40120-10 | 25.06.2020 | 25.06.2020 | No se presta |
